Gille, Zsuzsa. From the cult of waste to the trash heap of history. - Bloomington [u.a.]
| Titel: | Gille, Zsuzsa. From the cult of waste to the trash heap of history. - Bloomington [u.a.] : Indiana Univ. Press. - 2007 [Rezension] |
|---|---|
| Verfasser: | |
| In: |
Journal of social history, Band 43, Heft 2 (2009 [2010]), Seite 507-509 alle Artikel anzeigen |
| Veröffentlicht: | 2009 [2010] |
| Format: | Aufsatz |
| Sprache: | Englisch |
X
alg: 39481126
001A $01999:12-11-16
001B $03025:12-06-23 $t10:11:34.000
001D $01999:12-11-16
001U $0utf8
001X $00
002@ $0Oox
003@ $0394811267
007A $0394811267 $aHEB
007T $0Herdc0074180m
009Q $uhttp://muse.jhu.edu/journals/journal%5Fof%5Fsocial%5Fhistory/v043/43.2.mcneill.html $xH
010@ $aeng
011@ $a2010 $n2009 [2010]
021A $aGille, Zsuzsa. From the cult of waste to the trash heap of history. - Bloomington {[u.a.] $dIndiana Univ. Press. - 2007 [Rezension]
028A $aMcNeill $dJ.R.
031A $d43 $e2 $h507-509 $j2009 [2010]
039B $aIn $8--Obvc--. Journal of social history. - Oxford : Oxford University Press, 1967-. - Online-Ressource. - ISSN 1527-1897 $x200900000430002493 $9092463754
039T $8--Aau--Gille, Zsuzsa [Tp3]. From the cult of waste to the trash heap of history. - Bloomington {[u.a.] : Indiana Univ. Press, 2007. - X, 250 S. - Ill., graph. Darst., Kt. - ISBN 978-0-253-34838-8 $9214694364
045F $a900.9439 $eDDC23BSB
045F/01 $a900
045F/03 $g439
045T $aROM $qDE-5 $2FID
045T $aROM $qDE-18 $2FID
lok: 39481126 78
exp: 39481126 78 1 #EPN
201B/01 $018-11-16 $t12:48:46.000
201U/01 $0utf8
203@/01 $0791109879
208@/01 $a12-11-16 $be
209A/01 $a/ $f000 $x00
220C/01 $aTitelaufnehmer: pg
220C/01 $aHerkunft: HI Marburg
244Z/01 $2Trx $#Ungari $#Vengrija $#Ungārija $#Ungarn $#Hungary $#Węgry $#Maďarsko $#Maďarsko $#Uhorsko $#Uhersko;Uhry $8--Trx--Magyarország $x01 $9391197150
244Z/01 $2Trx $#arvustused $#recenzijos $#Reviews $#recenziók $#recenzje $#recenzie $#recenze $8--Trx--Rezensionen $x02 $9391357441
244Z/01 $2Trx $8--Trx--elektronische Ressource $x03 $939138452X
247C/01 $82080>Marburg/Lahn, Herder-Institut, Forschungsbibliothek, Bibliographieportal $9336309341
| LEADER | 00000caa a22000002c 4500 | ||
|---|---|---|---|
| 001 | 394811267 | ||
| 003 | DE-603 | ||
| 005 | 20230612101134.0 | ||
| 007 | cr|||||||||||| | ||
| 008 | 161112s2010 xx |||| o| u00||u|eng c | ||
| 035 | |a (DE-599)HEB394811267 | ||
| 040 | |a DE-603 |b ger |c DE-603 |d DE-603 | ||
| 041 | |a eng | ||
| 082 | 0 | 4 | |8 1\u |a 900.9439 |q DE-101 |2 23/BSB |
| 084 | |a ROM |q DE-5 |2 fid | ||
| 084 | |a ROM |q DE-18 |2 fid | ||
| 085 | |8 1\u |b 900 | ||
| 085 | |8 1\u |z 2 |s 439 | ||
| 100 | 1 | |a McNeill, J.R. | |
| 245 | 0 | 0 | |a Gille, Zsuzsa. From the cult of waste to the trash heap of history. - Bloomington [u.a.] |b Indiana Univ. Press. - 2007 [Rezension] |
| 264 | 0 | |c 2009 [2010] | |
| 773 | 0 | 8 | |i In |t Journal of social history |d Oxford : Oxford University Press, 1967- |h Online-Ressource |x 1527-1897 |g Band 43, Heft 2 (2009 [2010]), Seite 507-509 |w (DE-603)092463754 |w (DE-600)2007084-6 |
| 787 | 0 | 8 | |i Rezension von |a Gille, Zsuzsa |t From the cult of waste to the trash heap of history |d Bloomington [u.a.] : Indiana Univ. Press, 2007 |h X, 250 S, Ill., graph. Darst., Kt |z 0253348382 |z 9780253348388 |w (DE-603)214694364 |
| 856 | |u http://muse.jhu.edu/journals/journal%5Fof%5Fsocial%5Fhistory/v043/43.2.mcneill.html |x Verlag | ||
| 924 | 1 | |9 2080 |a (DE-603)791109879 |b DE-2080 |c HES |d d |g / | |


